Elementos de contabilidad : tercer curso /

Guardado en:
Autor Principal: Picoli, Angel M. E.
Otros Autores: Pino, Antonino
Formato: Libro
Publicado: Buenos Aires : Librería del Colegio, 1941
Materias:
Etiquetas: Agregar Etiqueta
Sin Etiquetas, Sea el primero en etiquetar este registro!
LEADER 00769nam a22001935a 4500
001 CEM.cems005053
005 20060217000000.0
008 130507s1941##################000#0#####d
003 CEMS
082 0 4 |a 657 
100 1 |a Picoli, Angel M. E. 
245 1 0 |a Elementos de contabilidad :  |b tercer curso / 
260 |a Buenos Aires :  |b Librería del Colegio,  |c 1941 
300 |a 391 p. 
505 0 |a Sociedades an¢nimas.-Debentures.-Soc. en comandita por acciónes, soc. de responsabilidad limitada, soc. cooperativa, asociaciónes civiles con personer¡a jur¡dica.-Contabilidad agr¡cola ganadera.-Contabilidad industrial 
653 |a Contabilidad 
653 |a Contabilidad 2do. año 
700 1 |a Pino, Antonino 
859 |a CEMS  |b BIB. CEMS - 11 de abril  |h 657  |i P587/III  |p 5107.76  |t Ej.1